| 000 | 00960nam a22002897a 4500 | ||
|---|---|---|---|
| 003 | CHAP | ||
| 005 | 20220329141752.0 | ||
| 008 | 971013s1973 r 00010 d | ||
| 010 | _a73519 | ||
| 011 | _a74491 | ||
| 035 | _a84050 | ||
| 040 | _cCHAP | ||
| 082 | 0 | 4 |
_a581.192 _bH36 |
| 100 | 0 | 0 |
_aHarborne, Jeffrey Barry. _952623 |
| 245 | 1 | _aPhytochemical methods; a guide to modern techniques of plant analysis | |
| 260 |
_aLondon : _bChapman and Hall, _c1973 |
||
| 300 |
_a278 p. _b: ilus. |
||
| 590 |
_aBATCH-UPD _b10 _c20130110 _lUCH01 _h2021 |
||
| 590 |
_aBATCH-UPD _b10 _c20130410 _lUCH01 _h1339 |
||
| 590 |
_aBATCH-UPD _b10 _c20130914 _lUCH01 _h1601 |
||
| 590 |
_aCONVERSION _b10 _c20130109 _lUCH01 _h1340 |
||
| 650 | 1 | 4 |
_aQuĂmica vegetal. _993602 |
| 901 | _aBK | ||
| 942 | _cLIBRO | ||
| 949 |
_a581.192 H36 _bBC _cLIBRO _d33724000511192 _eLIBRO _fc.2 _h57289 _i84050 _si _t216.00 |
||
| 949 |
_a581.192 H36 _bBC _cLIBRO _d33724000511291 _eLIBRO _h29815 _i84050 _si _t216.00 |
||
| 999 |
_c73519 _d73519 |
||